Ensayos de la economía de la salud (Registro nro. 4663)
[ vista simple ]
| 000 -LEADER | |
|---|---|
| fixed length control field | 02350 a2200217 4500 |
| 001 - CONTROL NUMBER | |
| control field | 48635 |
| 005 - DATE AND TIME OF LATEST TRANSACTION | |
| control field | 20260407155751.0 |
| 008 - FIXED-LENGTH DATA ELEMENTS--GENERAL INFORMATION | |
| fixed length control field | 260407a2007 arg spa d |
| 003 - CONTROL NUMBER IDENTIFIER | |
| control field | AR-UNSa-BCEJYS |
| 040 ## - CATALOGING SOURCE | |
| Original cataloging agency | AR-UNSa-BCEJYS |
| Language of cataloging | spa |
| Transcribing agency | AR-UNSa-BCEJYS |
| 080 ## - UNIVERSAL DECIMAL CLASSIFICATION NUMBER | |
| Universal Decimal Classification number | 330:614 |
| Common auxiliary subdivision | Economía de la Salud Pública |
| 020 ## - INTERNATIONAL STANDARD BOOK NUMBER | |
| International Standard Book Number | 978-950-9445-43-7 |
| 100 1# - MAIN ENTRY--PERSONAL NAME | |
| Personal name | del Rey, Eusebio Cleto |
| 245 10 - TITLE STATEMENT | |
| Title | Ensayos de la economía de la salud |
| 264 #1 - PRODUCTION, PUBLICATION, DISTRIBUTION, MANUFACTURE, AND COPYRIGHT NOTICE | |
| Place of production, publication, distribution, manufacture | Buenos Aires : |
| Name of producer, publisher, distributor, manufacturer | Temas Grupo Editorial |
| Date of production, publication, distribution, manufacture, or copyright notice | 2007 |
| 300 ## - PHYSICAL DESCRIPTION | |
| Extent | 367 p. |
| Dimensions | 23 cm. |
| 505 ## - FORMATTED CONTENTS NOTE | |
| Formatted contents note | PARTE A: Prevención de las parasitosis: 1. Economía de la salud: La prevención de la parasitosis como inversión / del Rey, Eusebio C. - 2. Metodología de cálculo de costos y beneficios de la prevención de la parasitosis / del Rey, Eusebio C.; Basombrío, Miguel A. y Rojas, Carlos L. - 3. Prevención de la enfermedad de Chagas por rociado / del Rey, Eusebio C.; Basombrío, Miguel A. y Rojas, Carlos L. - PARTE B: Salud infantil: 5. Diferencias sociales de riesgo de muerte en la infancia / Cid, Juan C. y Paz, Jorge A. - 6. Análisis económico del papel del hogar y de la comunidad en la determinación del estado nutricional de los niños argentinos / Delajara, Marcelo; Amiune, Oscar y Bertranou, Fabio - 7. Impacto de la desnutrición infantil en la educación primaria / Lledó, Pablo - 8. La prevención de la enfermedad de Chagas congénito / Rojas, Carlos L. y Basombrío, Miguel A. - PARTE C: Demanda de servicios de atención de la salud: 9. Relación entre seguros y utilización de servicios de la salud: Evidencia micro econométrica para la Argentina / Bertranou, Fabio - 10. Gastar en cuidados médicos: ¿Es un lujo para los montevideanos? / Rossi, Máximo y Triunfo, Patricia - 11. Análisis de la demanda de asistencia sanitaria: La utilidad del médico como determinante / Temporelli, Karina L. - PARTE D: Economía laboral: 12. Diferencial de salarios entre instituciones públicas y privadas en el sector sanitario de Tucumán / Casal, María del P. y Ortega Masagué, Carolina - 13. Estimación actualizada del costo económico en Argentina de la mortalidad atribuible al tabaco en adultos / Conte Grand, Mariana - 14. Participación económica de la población y salud en Argentina / Paz, Jorge. |
| 590 ## - LOCAL NOTE (RLIN) | |
| Local note | niveau_biblio:m niveau_hierar:0 |
| 700 1# - ADDED ENTRY--PERSONAL NAME | |
| Personal name | Paz, Jorge Augusto |
| 942 ## - ADDED ENTRY ELEMENTS (KOHA) | |
| Koha item type | |
| Withdrawn status | Lost status | Damaged status | Not for loan | Home library | Current library | Shelving location | Date acquired | Total checkouts | Full call number | Barcode | Date last seen | Price effective from | Koha item type |
|---|---|---|---|---|---|---|---|---|---|---|---|---|---|
| Biblioteca Prof. Eusebio Cleto del Rey | Biblioteca Prof. Eusebio Cleto del Rey | 07/04/2026 | 330:614 D331 | L116660 | 07/04/2026 | 07/04/2026 | Libro | ||||||
| Biblioteca Prof. Eusebio Cleto del Rey | Biblioteca Prof. Eusebio Cleto del Rey | 07/04/2026 | 330:614 D331 | L116661 | 07/04/2026 | 07/04/2026 | Libro |